Leader xxxxxxxxxx
001 __ PCLIS00046002
005 __ 20211109094730.0
010 0_ |a978-986-6000-57-7|b平裝|dNT$240
100 __ |a20130412d2013 m y0chiy09 e
101 0_ |achi
102 __ |atw
105 __ |ay z 000ay
200 1_ |a地獄天劫|fDiv(另一種聲音)著
205 __ |a初版
210 __ |a臺北市|c春天出版|a新北市新店區|c楨德圖書總經銷|d2013[民102]
215 0_ |a282面|d21公分
225 2_ |a地獄系列|i第十一部|h11
225 2_ |a奇幻次元|v28
300 __ |a地獄系列第十一部
410 _0 |12001 |a奇幻次元|v28
461 _1 |12001 |a地獄系列|v11
681 __ |a857.7|b8726
681 __ |a857.7|b8555
681 __ |a857.83|b8726 2013 v.11
700 _0 |a另一種聲音|c(Div)|f1978- |4著
801 _0 |atw|b內湖高中|c20130412|gCCR
801 _0 |atw|b內湖高中|c20211109|gCCR
|